Top 10 cartoni animati più conosciuti - Statistics

Statistiche generali
  • Questo quiz è stato fatto 641 volte
  • Il punteggio medio è 3 su 10
Statistiche sulle risposte
Suggerimento Risposta % Corretto
Dragon Ball
62%
I Simpson
56%
Pokemon
45%
I Flintstones
38%
10° Peppa Pig
32%
SpongeBob
32%
Spider Man
9%
L'uomo Tigre
6%
Cip e Ciop
2%
Yattaman
2%
Nessun quiz corrispondente trovato
Distribuzione punteggi
Percentuale di utenti per punteggio
Percentile per numero di risposta
I tuoi punteggi nel tempo
Non hai fatto questo quiz